Statystyki dla Miasta Warmii - Quiz na Mapie

Kliknij tutaj aby rozwiązać quiz!

Ogólne statystyki

  • Ten quiz został rozwiązany 31 razy
  • Średni wynik to 8 z 25

Odpowiedzi na mapie

Odpowiedzi skodowane kolorowo w zielono-czerwonej skali na mapie do tego quizu, zgodnie z poniższymi procentami.
 

Statystyki odpowiedzi

Odpowiedź% Poprawnych
Olsztyn | Allenstein
59%
Elbląg | Elbing
56%
Frombork | Frauenburg
44%
Olsztynek | Hohenstein
37%
Bartoszyce | Bartenstein
33%
Braniewo | Braunsberg
33%
Górowo Iławeckie | Landsberg
33%
Tolkmicko | Tolkemit
33%
Barczewo | Wartenburg
30%
Dobre Miasto | Guttstadt
30%
Lidzbark Warmiński | Heilsberg
30%
Pasłęk | Preußisch Holland
30%
Bisztynek | Bischofstein
26%
Jeziorany | Seeburg
26%
Młynary | Mühlhausen
26%
Orneta | Wormditt
26%
Pieniężno | Mehlsack
26%
Reszel | Rößel
26%
Świętomiejsce | Heiligenbeil
26%
Biskupiec | Bischofsburg
22%
Morąg | Mohrungen
22%
Pasym | Passenhem
22%
Cynty | Zinten
19%
Iława Pruska | Preußisch Eylau
19%
Miłakowo | Liebstadt
19%

Rozkład punktacji

Percentyl według liczby udzielonych odpowiedzi

Procent ludzi z każdym wynikiem

Twoja historia wyników

Nie rozwiązałeś tego quizu